000
00226 a2200109 4500
001
19961
082
_a
510 SPI
090
_c
14570
_d
14570
100
_a
Spiegel, M R
245
_a
Mathematical handbook
260
_b
Mcgraw-Hill
942
_a
NUST-CAE
_k
510 SPI
999
_c
255034
_d
255034